| 000 | 00989nas a2200313 4500 | ||
|---|---|---|---|
| 001 | BR2013010492 | ||
| 003 | BR-BrBNA | ||
| 005 | 20231205123500.0 | ||
| 007 | ta | ||
| 008 | 230509b bl.|||p| |||| 00| 00por d | ||
| 040 |
_aBR-BrBNA _bpor _cBiblioteca Nacional de Agricultura |
||
| 041 | _a(Pt) | ||
| 072 | _aH10 | ||
| 100 | 1 | _aMorais, A.S. de | |
| 100 | 1 | _aMarrelli, M.T. | |
| 100 | 1 | _aNatal, D. | |
| 245 | 1 | _aObservações sobre aplicações de controle em ecótopo com alta infestação de Culex quinquefasciatus Say (Diptera, Culicidae) | |
| 650 | _aPERNILONGO | ||
| 650 | _aCULEX QUINQUEFASCIATUS | ||
| 650 | _aDIPTERA | ||
| 650 | _aINFESTAÇÃO | ||
| 650 | _aIDENTIFICAÇÃO | ||
| 650 | _aCONTROLE BIOLÓGICO | ||
| 650 | _aCONTROLE QUÍMICO | ||
| 650 | _aINSETICIDA | ||
| 773 | 0 |
_tRevista Brasileira de Entomologia (Brazil) _xISSN 0085-5626 _g(Apr-Jun 2007), v. 51(2) p. 246-251 _wBR2013010492 |
|
| 909 |
_a202311 _bLúcia _c55 _dLúcia Elande |
||
| 942 |
_2AGRIS _n0 _cANA |
||
| 999 |
_c234123 _d234123 |
||